[Event "Linares Anibal op 08th"]
[Site "Linares"]
[Date "2001.01.10"]
[Round "3"]
[White "Sulskis, Sarunas"]
[Black "Golod, Vitali"]
[Result "1/2-1/2"]
[WhiteElo "2501"]
[BlackElo "2590"]
[Annotator "Golod,V"]
[PlyCount "100"]
[EventDate "2001.01.08"]
[EventType "swiss"]
[EventRounds "11"]
[EventCountry "ESP"]
[SourceTitle "CBM 081"]
[Source "ChessBase"]
[SourceDate "2001.03.20"]
[SourceVersion "1"]
[SourceVersionDate "2001.03.20"]
[SourceQuality "1"]

1. e4 c5 2. Nf3 d6 3. c3 Nf6 4. Bd3 Nc6 5. Bc2 Bg4 6. h3 $5 ({Another
possibilities is:} 6. d3 $5 {See comments to Benjamin,J-Gurevich,D/Denver,1998/
CBM 68 (1-0)(Har Zvi,R)(41)}) 6... Bxf3 $5 ({Also it deserves attention:} 6...
Bh5 $5) 7. Qxf3 g6 8. d3 Bg7 9. Qe2 {White do not hasten to do 0-0,that met
most frequently in this position,and wait while black will make 0-0 to begin
attack.} Rc8 $6 $146 {[%mdl 16384] This place for my rook has appeared
unsuccessful.It was better:} (9... O-O $5 10. a4 a6 11. O-O Ne8 12. Kh1 Nc7 13.
f4 b5 14. axb5 axb5 15. Rxa8 Qxa8 $11 16. f5 b4 17. fxg6 hxg6 18. Bb3 Qb7 19.
Qc2 Na5 20. cxb4 {1/2-1/2 Psomiadis,S-Georgiev,K/Athens,1998 (20)}) ({or} 9...
Rb8 {[%cal Gb7b5,Gb5b4]}) 10. a4 {[%csl Ya4][%cal Ya4b5]} a6 11. Nd2 (11. Na3
$143 Rb8 {[%cal Gb7b5]}) 11... b5 12. axb5 axb5 13. Nf3 {[%mdl 32] White N has
passed on more successful position.} Nd7 14. Bd2 $1 $14 {[%csl Yd2][%cal Yd2c3]
} ({Much worse is:} 14. Be3 b4 15. d4 bxc3 16. bxc3 cxd4 17. cxd4 O-O 18. Rd1
e5 {+/=/=}) 14... Qb6 $6 {[%mdl 16384] Very unsuccessful place for my queen.} (
14... b4 $142) (14... O-O $142) 15. h4 $1 h6 (15... h5 $143 16. Ng5 $14) ({
Can be recommended:} 15... b4 16. O-O bxc3 17. bxc3 O-O $14 (17... Qb2 $2 18.
Rfb1 Qxc2 19. Ne1 {[%csl Rc2]} Qxb1 20. Rxb1 $16)) 16. O-O b4 17. h5 g5 18. Nh2
{[%csl Rc4,Rd5,Rf5][%cal Gh2g4,Gg4e3,Ge3f5,Ge3d5,Ge3c4]} e6 ({Badly:} 18...
bxc3 19. bxc3 $140 Qb2 {in view of:} 20. Ba4 Bxc3 21. Bxc6 Qxd2 (21... Rxc6
$142 22. Ra8+ Nb8 23. Rxb8+ Qxb8 24. Bxc3 $16) (21... Bxd2 22. Rfb1 Qc3 23. Nf3
$18) 22. Qxd2 Bxd2 23. Ra7 $1 Rd8 24. Rfa1 $18 {[%csl Re8][%cal Ga7d7]}) 19.
Ng4 Nde5 ({Probably,a little better is:} 19... Ke7 $5) 20. Ne3 Bf6 {Black's
plan is:Rg8,g4(struggle for a point"e5").} ({Dubious:} 20... b3 21. Bd1 Qb5 22.
Nc4 Nxc4 23. dxc4 Qb6 24. Ra3 {[%csl Rb3]} Na5 25. f4 $36) (20... O-O $143 21.
g3 b3 22. Bd1 Ra8 23. Rxa8 Rxa8 24. f4 $40 {[%csl Rg8]}) 21. Kh1 Rg8 22. f3 $1
{Now is not visible what to do against plan:g3,f4.} Ke7 23. g3 g4 $6 ({More
stubborn resistance after:} 23... Ra8 $5 24. Rxa8 Rxa8 25. f4 gxf4 26. gxf4 Nd7
27. Nc4 $14) 24. f4 Nf3 25. Nc4 $16 Qb7 26. Be3 $1 bxc3 $140 27. e5 {[%csl Rc5,
Ge3,Re7] Already here my contender saw a position which it has turned out in a
game after 30 moves of white.} (27. bxc3 $2 Bxc3 28. Rab1 Nb4 $15) 27... Ncd4 (
27... dxe5 $2 28. Bxc5+ Kd8 29. Nd6 $16 {[%csl Rb7,Rc8]}) 28. Bxd4 $1 ({
Unexpectedly,leads to bad position.} 28. exf6+ $4 Kxf6 29. Bxd4+ (29. Qg2 $2
Nxc2 30. Nxd6 (30. Qxc2 $140 $4 Ne1+ {[%csl Rc2,Rh1]}) 30... Qd5 31. Ne4+ Kg7
$19 {[%csl Ra1,Rh1][%cal Gd5h5]}) (29. Nxd6 Nxe2 30. Nxb7 Nxg3+ 31. Kg2 Nxf1
32. Kxf1 cxb2 33. Rb1 g3 $17) 29... Nxd4+ 30. Qg2 Qxg2+ 31. Kxg2 Nxc2 32. Rac1
Nb4 $17) 28... Nxd4+ $8 ({Loses right away:} 28... dxe5 29. Bxc3 Nd4+ 30. Qe4
Qxe4+ 31. dxe4 Nxc2 32. Ra7+ Kf8 33. Nd6 $18 {[%csl Rc8,Rf7]}) 29. Qg2 Qxg2+
30. Kxg2 Ra8 $138 ({Impossibly:} 30... Nxc2 {because of:} 31. Ra7+ Kf8 32. exf6
{[%csl Rf8]} cxb2 (32... Rd8 $143 33. Nxd6 $1 $18 {[%csl Rf8]}) 33. Nxd6 Rh8
34. Rb1 $1 (34. Nxc8 Ne3+ 35. Kf2 Nxf1 36. Rd7 {[%cal Gd7d8]} Ke8 (36... Kg8 $2
37. Ne7+ Kh7 38. Ng6 $18 {[%csl Rh7]}) 37. Rb7 $18) 34... Rd8 35. Rxb2 $18) 31.
exd6+ $1 {It is much stronger,than:} (31. exf6+ $2 Kxf6 32. Ba4 (32. Rxa8 $2
Rxa8 33. bxc3 (33. Bb1 c2) (33. Bd1 c2 34. Bxg4 $2 Nb3 $17) (33. Rf2 d5) 33...
Nxc2 $17) 32... cxb2 33. Nxb2 $14) 31... Kd7 $8 32. Ba4+ $1 (32. Nb6+ $2 Kxd6
33. Nxa8 (33. Rxa8 $2 Rxa8 34. Nxa8 Nxc2 $17 {[%csl Rf1,Rg2][%cal Gc2e3,Gc3b2]}
) 33... Nxc2 34. Ra6+ Kd7 35. Nb6+ Kc7 $13) 32... Kd8 $2 ({It was necessary:} 
32... Nc6 33. Bb5 $1 $16 (33. Nb6+ $4 Kxd6 34. Nxa8 cxb2 $17) (33. bxc3 $143
Bxc3 34. Ra2 (34. Rfb1 Bxa1 35. Rb7+ Ke8 36. Bxc6+ Kf8 $13) 34... Kd8 $1 $14))
33. bxc3 Nf5 34. Bc6 Rc8 35. Rfb1 Rxc6 {Here at me remained about one minute
to rescue a hopeless position.} (35... Bxc3 36. Ra7 Rxc6 37. Rb8+ Rc8 38. Rxc8+
Kxc8 39. Ra8+ Kd7 40. Rxg8 $18 {[%csl Rg4]}) 36. Rb8+ Rc8 37. Raa8 ({
Immediately won:} 37. Rxc8+ Kxc8 38. Ra8+ Kd7 39. Rxg8 $18) 37... Kd7 38. Ra7+
(38. Nb6+ $5 Kxd6 39. Nxc8+ (39. Rxc8 $2 Rxc8 40. Rxc8 (40. Nxc8+ $2 Kc7 {
[%csl Ya8,Rc8][%cal Gc7b7,Gb7c8,Gb7a8,Ya8c8]}) 40... Bxc3 41. Nc4+ $16) 39...
Kc7 40. Rb5 $18 {[%csl Rc7][%cal Gb5c5]}) 38... Kc6 39. Ra6+ $2 ({Elegantly
won:} 39. Rc7+ $1 Rxc7 40. dxc7 Kxc7 41. Rxg8 $18) 39... Kd5 (39... Kd7 $2 40.
Rb7+ Kd8 41. Raa7 $18) 40. Nb6+ (40. Rxc8 $2 Rxc8 41. Nb6+ Kc6 $1 (41... Kxd6
42. Nxc8+ Kc7 {see the game}) 42. Nxc8+ Kb7 43. Ra7+ Kxc8 44. Rxf7 Bxc3 $15)
40... Kxd6 41. Rxc8 $2 ({Much better is:} 41. Nxc8+ Kc7 $140 42. Rba8 $1 Rxc8
43. R8a7+ Kd8 44. Rxf7 $16 {[%csl Re6,Rf6]}) 41... Rxc8 42. Nxc8+ Kc7 43. Na7
Bxc3 44. Nb5+ Kb7 45. Ra2 Be1 {[%csl Rg3]} 46. Re2 $6 ({Unique chance to be
overcome for a win was:} 46. Ra1 $1 Bxg3 47. Nd6+ Nxd6 48. Kxg3 f5 (48... Kc6
$6 49. Kxg4 Kd5 50. Ra8 {+/=/+/-}) 49. Re1 $140 c4 $1 50. Rxe6 (50. dxc4 $143
Ne4+ 51. Kg2 (51. Rxe4 $4 fxe4 52. Kxg4 Kc6 53. Kg3 Kc5 $19) 51... Kc6 $11 {
[%csl Rh5]}) 50... c3 51. Re1 (51. Rxd6 $4 c2 52. Rd7+ Kc8 53. Rd4 c1=Q 54.
Rc4+ Qxc4 55. dxc4 Kc7 $19) 51... Kc6 52. Kf2 Kc5 53. Ke3 Nb5 $44) 46... Bb4 {
[%csl Rb5]} (46... Bxg3 $2 {is refuted by:} 47. Nd6+ Nxd6 48. Kxg3 Nf5+ 49.
Kxg4 {+/=/+/-}) 47. Re5 {[%cal Ge5f5]} (47. Ra2 $6 Kc6 {[%csl Rb5]} 48. Na3 $6
(48. Na7+ $142) 48... Be1 49. Nc4 Bxg3 50. Ne5+ Kd5 51. Nxg4 Bxf4 $15) 47...
Kc6 48. Na7+ Kb7 49. Nb5 Kc6 50. Na7+ Kb7 $11 ({Also equality,after:} 50... Kd7
51. Rxf5 $1 (51. Nb5 $2 Ne7 {[%csl Rb5][%cal Gd7c6]}) (51. Re2 Kc7 52. Ra2 $140
Be1 {[%csl Rg3]}) 51... exf5 52. Kf1 $11 {[%cal Yf1e2]}) (50... Kb6 $6 51. Nc8+
Kc7 52. Rxf5 exf5 53. Ne7 {[%csl Rf5,Rg4,Rh6]} Kd6 (53... c4 $140 $4 54. Nd5+)
54. Nxf5+ Ke6 55. Nxh6 f5 56. Kf1 Bc3 57. Ke2 Bd4 $11) 1/2-1/2

[Event "ISR-ch op"]
[Site "Tel Aviv"]
[Date "1999.04.08"]
[Round "9"]
[White "Yudasin, Leonid"]
[Black "Golod, Vitali"]
[Result "1/2-1/2"]
[WhiteElo "2549"]
[BlackElo "2554"]
[Annotator "Golod,V"]
[PlyCount "126"]
[EventDate "1999.03.28"]
[EventType "swiss"]
[EventRounds "9"]
[EventCountry "ISR"]
[SourceTitle "CBM 071"]
[Source "ChessBase"]
[SourceDate "1999.08.01"]
[SourceVersion "1"]
[SourceVersionDate "1999.08.01"]
[SourceQuality "1"]

{[%mdl 2]} 1. e4 c5 2. Nf3 d6 3. Bc4 $5 Nf6 $5 {Besides,black has few options:}
(3... Nc6 $5) (3... e6 $5) (3... a6) (3... e5) (3... g6) 4. d3 Nc6 5. c3 $5 e6
$5 {[%cal Gd6d5] Other alternatives are:} (5... g6 $5) (5... a6 $5) (5... Qc7)
({Badly:} 5... Bg4 $2 {in view of:} 6. Qb3 {[%csl Rb7,Rf7]}) 6. Bb3 (6. Bg5) ({
and} 6. O-O {-was checked in the previous games.}) 6... Be7 (6... d5 $5 7. e5 (
7. Nbd2 $5) 7... Nd7 8. d4 b5 $5 9. O-O Qb6 10. Be3 Ba6 11. Re1 b4 12. Nbd2 Be7
13. Nf1 bxc3 14. bxc3 O-O 15. dxc5 {1/2-1/2 Poluljahov,A-Zakharstov,V/
Cherkessk,1997(15)}) 7. O-O d5 $5 ({Another line is:} 7... O-O $5 8. Re1 d5 $5
(8... b6 9. Nbd2 {-see comments to Morozevich,A-Petrushin,A/Krasnodar,1997/
CBM 59(1-0)(Har Zvi)(42)}) (8... Ne5 $5 9. d4 (9. Bc2 Nxf3+ 10. Qxf3 b6 11. d4
Bb7 $13) 9... Nxf3+ 10. Qxf3 d5 11. exd5 (11. e5 Ne4 12. Nd2 f5 $132 (12...
Nxd2 $6 13. Bxd2 {[%csl Rc8][%cal Gb3c2,Gf3h5,Ge1e3,Ge3h3]})) 11... exd5 {
-see comments to Kobalija,M-Forster,R/Biel,1997/CBM 60(1-0) (Har Zvi)(22)}) 9.
e5 Nd7 10. d4 b5 11. Nbd2 b4 12. Nf1 bxc3 13. bxc3 Ba6 14. Bc2 (14. Ne3 $5)
14... Rc8 15. a3 Re8 16. Ne3 cxd4 17. cxd4 Bb5 18. g3 Qa5 19. h4 Nf8 20. Rb1
Rb8 $11 {-see comments to Leko,P-Gelfand,B/Tilburg,1996/CBM 56(1/2-1/2)
(Horvath,Ta)(28)}) 8. Qe2 $5 (8. e5 $6 Nd7 9. d4 (9. Qe2 $6 g5 $36 {[%csl Re5]
[%cal Gg5g4]}) (9. Re1 $6 g5 $36 {[%csl Re5][%cal Gg5g4]}) 9... b5 $11 {
Hoffman,A-Quinteros,M/Villa Martelli,1997(0-1)(35)}) (8. Re1 dxe4 9. dxe4 Qxd1
10. Bxd1 b6 11. Be2 Bb7 12. Bf1 O-O 13. e5 Nd7 14. Bf4 Rfd8 15. h4 Na5 16. Nbd2
c4 17. Bg5 Bxg5 18. hxg5 Bd5 $11 {Morozevich,A-De Firmian,N/New York,1997(1-0)
(51)}) 8... O-O 9. e5 Nd7 10. c4 $1 $146 (10. d4 $6 f6 $5 {It's a correct idea
not to take on "d4" since after it white gets a great square for his knight on
"c3".} (10... Rb8 $5 {[%cal Gb7b5]}) (10... b6 $5 {Benko,F-Panno,O/Buenos
Aires,1977(0-1)(46)}) 11. exf6 Nxf6 12. Bg5 Qc7 13. Nbd2 (13. Bh4 $5) 13... Bd6
14. Rac1 (14. Bh4 $5 cxd4 (14... Qb6 $143 15. dxc5 Bxc5 16. c4 $14) 15. cxd4
Nh5 $5 $132 (15... Qb6 $143 16. Qd3 $14)) 14... cxd4 15. cxd4 Bd7 $13 {-see
comments to Bates,R-Gormally,D/London,1998/CBM 66(0-1)(Har Zvi)(33)}) 10... Nb6
({Dubious:} 10... d4 {because of:} 11. Bf4 {[%csl Ge5] /\Nbd2(><e4,d6)+/=}) 11.
Nc3 $1 Kh8 {Besides,I have two options:} (11... f6 12. exf6 Bxf6 13. cxd5 $1
exd5 $140 14. Be3 {[%csl Rc5]} Re8 15. Qd2 $14) ({and} 11... Na5 $6 12. Bc2
$140 dxc4 $2 13. dxc4 Naxc4 14. Rd1 Qc7 15. b3 $1 $36) 12. Bf4 a6 $5 {[%cal
Ya6b5,Gc6d4] This move is better than:} (12... f6 $6 13. exf6 $5 (13. Rae1 $5)
13... Bxf6 $140 14. Nb5 {[%csl Rc7,Rd6]} Bxb2 15. Bc7 Qf6 16. Rab1 $36) (12...
Na5 $6 13. Bc2 $1 dxc4 $140 $2 14. dxc4 Naxc4 15. Rad1 Qc7 16. Qe4 $40 {
[%csl Rh7]}) ({and} 12... Nd4 $6 13. Nxd4 cxd4 14. Nb5 $14) 13. Rad1 $14 Nd4
14. Nxd4 cxd4 15. Nb1 {[%csl Rd4][%cal Gb1d2,Gd2f3]} a5 $1 {[%csl Rb3,Rc4]
[%cal Ga5a4]} 16. Bg3 $1 ({Worse is:} 16. Nd2 {in view of:} dxc4 $1 17. Nxc4 (
17. dxc4 $4 d3 18. Qe4 a4 $19 {[%csl Rb3]}) 17... Nd5 $11) 16... Bd7 {[%cal
Gd7a4]} 17. Nd2 Ba4 18. Qg4 {[%csl Rd4]} Bxb3 19. Nxb3 Na4 20. Rd2 ({In my
opinion more strongly:} 20. Qe2 $5 Qb6 (20... Bc5 $5 $14) 21. cxd5 exd5 $14) (
20. Qxd4 $6 dxc4 21. dxc4 Qxd4 22. Rxd4 Nxb2 23. Rd7 (23. Rb1 $143 Ba3 $11)
23... Ba3 24. Rxb7 Nxc4 {+/=/=}) 20... Bb4 $8 21. Rc2 dxc4 22. Rxc4 Nb6 $1 ({
After:} 22... Nxb2 $6 23. Rxd4 {/\Qh5,Rh4 white has a strong attack.}) 23. Rxd4
Nd5 24. Qh5 a4 25. Bh4 $6 {[%mdl 64]} ({Better is:} 25. Nc1 $14) ({or} 25. Na1
$14) 25... f6 $2 {After this mistake white has a big advantage.} ({It is
necessary:} 25... Qb6 $1 {[%csl Rb3,Rd4]} 26. Bf6 $140 Qb5 $1 {[%csl Gb5,Rh5]
[%cal Gd5f6]} (26... gxf6 $4 27. Rh4 $18 {[%csl Rh8]}) (26... Nxf6 $2 27. exf6
$18 {[%csl Rh8][%cal Gd4h4]}) 27. Qh3 $1 (27. Rh4 $6 Nxf6 (27... Qxd3 $6 28.
Nc1 $14) 28. Nd4 $8 Nxh5 29. Nxb5 Be7 30. Rxh5 Rfd8 $15 {_|_}) 27... axb3 28.
Bxg7+ $1 (28. Rh4 $2 Nxf6 $8 29. exf6 Qf5 $8 30. Qxf5 exf5 31. Rxb4 bxa2 32.
Ra1 $15 {_|_}) 28... Kxg7 29. Rg4+ Kh8 30. Rh4 Nf6 $8 31. exf6 Qf5 32. Qxf5
exf5 33. Rxb4 bxa2 34. Ra1 $14) 26. exf6 gxf6 27. Nc1 $16 a3 28. bxa3 (28. b3
$143 e5 29. Re4 Qe8 {+/-/+/=}) 28... Rxa3 29. Qe2 $5 ({Good enough:} 29. Qg4 $5
{[%csl Rb4,Re6]} Bc3 30. Ra4 Rxa4 31. Qxa4 $16) 29... Ra6 30. Bg3 Rg8 31. Rc4 {
/\d4,Nd3} b5 32. Rc2 Bc3 33. Nb3 Qb6 34. d4 $5 {[%csl Re6][%cal Gb3c5]} ({
Not bad in the beginning:} 34. Rfc1 b4 $140 35. d4 $16) 34... Ra7 35. Nc5 Re7 {
[%csl Re6,Ye7][%cal Ye7e6]} ({Badly:} 35... Bxd4 {because of:} 36. Qxe6 (36.
Nxe6 $2 Re7 37. Qe4 (37. Re1 $4 Rge8 $17) 37... Bxf2+ 38. Bxf2 Qxe6 $14) 36...
Qxe6 (36... Bxc5 $143 37. Qxd5 $18) 37. Nxe6 $18 {_|_}) 36. Rb1 b4 37. a3 $5
$138 {[%mdl 64]} ({Can be recommended:} 37. Qe4 $5) 37... Bxd4 38. axb4 Nc3 ({
Loses right away:} 38... Nxb4 $4 39. Nd3 $18 {[%csl Rb4,Rb6]}) 39. Qd3 Nxb1 $8
(39... Rd8 $2 40. Rxc3 Bxf2+ 41. Bxf2 Rxd3 42. Rxd3 $18) (39... Bxc5 $2 40.
Qxc3 Bd4 41. Qf3 $18) 40. Qxd4 {[%csl Rf6]} e5 $1 {[]} (40... Na3 $2 41. Qxf6+
Reg7 42. Rc1 $18) (40... Qd8 $2 41. Qxf6+ Reg7 42. Qxd8 Rxd8 43. Rc1 $18 {
[%csl Rb1,Rg7,Rh8][%cal Gg3e5,Gc1b1]}) 41. Qb2 Rb8 42. Qxb1 $6 (42. Nd3 $4 Rd7
$17 {[%csl Rd3,Rg1]}) (42. Bh4 $1 {[%csl Rf6,Gh4,Rh8] +/-/+-(Yudasin,L)}) 42...
Qxb4 43. Qf1 $5 ({After:} 43. Qxb4 $6 Rxb4 44. Rc1 (44. h3 $143 Rc7 45. f3 Rb1+
46. Kh2 Rb5 47. Bf2 Kg8 $14) 44... Rc7 45. f3 {[%csl Rc5,Yg3][%cal Yg3f2]
black has a good odds on draw in the endgame.}) 43... Rb5 44. Bh4 $2 {Earnest
mistake.} ({Strongly:} 44. Nd3 {with interesting idea after:} Qd4 (44... Qd6 $5
$16) 45. h3 (45. Rc1 $5) 45... Rb3 $140 $6 (45... Rd7 $5 $16) 46. Nc5 $1 Rxg3
$2 47. Rc4 {[%csl Yd4,Rg3][%cal Gc4d4]} Rxg2+ 48. Kxg2 Rg7+ 49. Kh2 $18) 44...
Kg7 45. Na6 $2 {Again mistake.} (45. Rc4 $142 Qb1 $1 $13 (45... Qxc4 $2 46.
Qxc4 Rb1+ 47. Qf1 Rxf1+ 48. Kxf1 Ra7 {+/=/+/-_|_} (48... Kg6 $2 49. Ne4 {
[%csl Re7,Rf6]} Re6 50. Bxf6 Rxf6 51. Nxf6 Kxf6 52. Ke2 $18 {[%csl Re5,Rh7]})))
45... Qd6 $1 {[%csl Ra6]} 46. Qxb5 Qd1+ 47. Qf1 Qxc2 $15 48. Qb5 $5 ({Loses
right away:} 48. h3 $4 {in view of:} Rb7 $1 {[%csl Rf1,Rg1][%cal Gb7b1]} 49. f3
(49. Kh2 $2 Rb1 {[%csl Rf1]} 50. Nb4 $8 Rxb4 $19) 49... Rb1 50. Be1 Qc1 51. Kf2
e4 $1 $19) ({Also badly:} 48. f3 $2 Rb7 49. Be1 Rb1 $17) 48... Qc1+ (48... Qe4
$2 49. g3 Rb7 50. Nc5 $8 Qe1+ 51. Qf1 Rb1 (51... Qxf1+ 52. Kxf1 $16 {[%cal
Gc5e4,Gc5d7]}) 52. Qxe1 Rxe1+ 53. Kg2 $16) 49. Qf1 Qa3 {[%csl Ra6][%cal Ge7a7]}
(49... Qc6 $1 {[%csl Ra6,Rg1,Rh4] An interesting idea which was mentioned by
Tseitlin,Ma after the game.} 50. f4 $5 {[%csl Ra6,Yc5][%cal Yh4f2,Yf2c5,Ga6c5]}
e4 $36) 50. g3 Ra7 ({After:} 50... Qf3 $6 51. Qg2 Qd1+ 52. Qf1 Qf3 53. Qg2 {
-at the minimum equality for white.} (53. Nc5 $5 $13)) 51. Nb8 $1 Qb2 $140 {
[%csl Rb8,Rf1][%cal Ga7a1]} 52. Qc4 $1 {[%csl Rg7][%cal Gc4g4]} Qxb8 53. Qg4+
Kf7 $8 54. Qh5+ Kg7 (54... Ke6 $144 55. Qg4+ f5 56. Qc4+ Kd6 57. Qd3+ {[%csl
Rf5]} Ke6 58. Qc4+ $11) 55. Qg4+ Kf7 56. Qh5+ Ke7 (56... Kf8 $144 57. Qh6+ $1
Kg8 58. Bxf6 Qb1+ 59. Kg2 Qe4+ 60. Kh3 Rf7 61. Qg5+ Qg6 62. Qxg6+ hxg6 63. Bxe5
Rxf2 $11) 57. Qxh7+ Ke6 58. Qg6 Ra1+ 59. Kg2 Qb7+ 60. Kh3 Qf3 $11 61. Qg8+ Ke7
62. Qg7+ Ke6 63. Qg8+ Ke7 1/2-1/2

[Event "British CF-70 Championship"]
[Site "Southport/ Merseyside"]
[Date "1983.08.10"]
[Round "3"]
[White "Horner, Jeff"]
[Black "Chandler, Murray G"]
[Result "1-0"]
[WhiteElo "2380"]
[BlackElo "2500"]
[Annotator "Griffiths"]
[PlyCount "117"]
[EventDate "1983.08.08"]
[EventType "swiss"]
[EventRounds "11"]
[EventCountry "ENG"]
[SourceTitle "EXT 1999"]
[Source "ChessBase"]
[SourceDate "1998.11.16"]
[SourceVersion "1"]
[SourceVersionDate "1998.11.16"]
[SourceQuality "1"]

1. e4 c5 2. Nf3 d6 3. c3 Nf6 4. Bd3 Nc6 5. Bc2 Bg4 6. d3 g6 7. Nbd2 Bg7 8. h3
Bd7 9. O-O O-O 10. Re1 e5 11. Nc4 b5 12. Ne3 Be6 13. Bb3 Nh5 14. Nd5 Na5 15.
Bc2 h6 16. d4 exd4 17. cxd4 Re8 18. Ne3 Qc8 19. d5 Bd7 20. Nh2 Nf6 21. Qf3 Rb8
22. Bd2 Qd8 23. a3 Nb7 24. a4 bxa4 25. Bc3 Nh7 26. Bxg7 Kxg7 27. Nc4 Nf6 28.
Bxa4 Bxa4 29. Rxa4 Nxd5 30. Rxa7 Qf6 31. Qd1 Nf4 32. Ng4 Qd4 33. Qf3 Nh5 34.
Na5 Qb4 35. Re3 Qb6 36. Rxb7 Rxb7 37. Rb3 Qxa5 38. Rxb7 Qa2 39. Qc3+ Kh7 40.
Qc1 (40. Qd2 $1 Qe6 41. Qxh6+ Kg8 42. Qg5 $1 $16) 40... g5 41. Qc2 Qe6 42. e5+
Kg7 43. Rb6 Rd8 44. Qc3 Nf4 45. exd6+ f6 46. Qxc5 $5 Qe1+ 47. Kh2 Ne2 48. Qc7+
Kg6 49. Qc2+ Kg7 (49... f5 50. Ne5+ {Nf3!}) 50. Rb7+ Kf8 51. Rf7+ Kxf7 52. Qh7+
Ke6 53. Qe7+ Kd5 $4 (53... Kf5 $142 $5 54. Qxf6+ (54. Ne3+ Kg6 55. Qe4+ Kg7 56.
Qe7+ (56. Nf5+ $2 Kh8 $1 $19) 56... Kg6 $10) 54... Ke4 55. Qe5+ Kd3 56. Qd5+
Kc2 (56... Nd4 $2 57. Ne5+ Ke2 58. Qxd4 $18) 57. Ne3+ Kxb2 58. Qb7+ Kc3 59.
Qc7+ Kb3 $10) 54. Ne3+ Kc6 55. Qc7+ Kb5 56. Qb7+ Kc5 57. Qd5+ Kb6 (57... Kb4
58. Nc2+ Ka4 59. b3#) 58. Nc4+ Ka7 (58... Ka6 59. Qc6+ Ka7 60. Qc7+ $1) 59.
Qc5+ 1-0

[Event "DDR-ch 36th"]
[Site "Glauchau"]
[Date "1987.??.??"]
[Round "5"]
[White "Boehnisch, Manfred"]
[Black "Gruenberg, Hans Ulrich"]
[Result "0-1"]
[WhiteElo "2305"]
[BlackElo "2460"]
[Annotator "Gruenberg,HU"]
[PlyCount "116"]
[EventDate "1987.02.05"]
[EventType "tourn"]
[EventRounds "13"]
[EventCountry "DDR"]
[EventCategory "6"]
[SourceTitle "EXT 2003"]
[Source "ChessBase"]
[SourceDate "2002.11.25"]
[SourceVersion "1"]
[SourceVersionDate "2002.11.25"]
[SourceQuality "1"]

{SCHACH 5/1987} 1. e4 c5 2. Nf3 e6 3. b3 d6 4. Bb2 Nf6 5. Bb5+ Nbd7 6. Nc3 Be7
7. O-O O-O 8. d4 cxd4 9. Qxd4 Qc7 10. Rad1 a6 11. Bxd7 Bxd7 12. Rd3 Rfd8 13.
Rfd1 b5 14. e5 dxe5 15. Qxe5 Qxe5 16. Nxe5 Be8 17. Rxd8 Bxd8 18. Ne2 Be7 19. c4
Rc8 20. Rc1 Nd7 21. Nxd7 Bxd7 22. cxb5 Rxc1+ 23. Nxc1 Bxb5 24. a4 Bc6 25. Bc3
f6 26. Kf1 e5 27. f3 Kf7 28. Nd3 Ke6 29. Bb4 Bxb4 30. Nxb4 Bb7 31. Ke2 a5 32.
Nc2 Bd5 33. b4 Bb3 34. Kd3 axb4 35. a5 Bxc2+ 36. Kxc2 Kd5 {[#] Die sich durch
den neuen Spielmodus erhöhende Anzahl von Endspielen, die ohne Analysieren
ausgetragen werden müssen, erfordert von den Schachspielern eine umfangreiche
Kenntnis der Endspieltechnik. Dass auch ein Elementarendspiel nicht elementar,
einfach zu spielen ist, zeigt der Partieverlauf.} 37. Kb3 Kc5 38. a6 Kb6 39.
Kxb4 Kxa6 40. Kc5 Kb7 {Zum Königslauf an die weissen Bauern fehlen Schwarz
mehrere Tempi.} 41. Kd6 Kc8 42. g4 $1 ({Schwarz erreicht die Opposition wegen} 
42. Ke6 Kd8 43. Kf7 $2 f5 {nebst e5-e4}) 42... Kd8 43. g5 ({Remis hätte} 43. h4
h6 44. g5 fxg5 45. hxg5 h5 46. Kxe5 g6 47. Ke4 {ergeben.}) 43... fxg5 44. Kxe5
Ke7 45. Kf5 $1 h6 46. f4 gxf4 47. Kxf4 Kf6 48. Kg4 ({Während der Partie sah
ich den Remiszug} 48. h3) (48. h4 {hätte nach} g6 49. Ke4 Ke6 {verloren.})
48... Ke5 49. Kg3 Ke4 50. Kg4 Ke3 51. Kg3 (51. Kf5 Kf2 52. Kg6 Kg2 53. Kxg7 h5
{und Schwarz gewinnt.}) 51... Ke2 52. Kg2 {Nach der Partie musste ich meine
Ansicht, hier gewonnenes Spiel zu gaben, revidieren. Wäre Weiss am Zug, würde
er verlieren bzw. stände der schwarze Bauer auf h7, hätte 52... h6! zum Gewinn
geführt.} h5 {Wie sich später zeigt, muss Schwarz die Doppelschrittmöglichkeit
des g-Bauern offenhalten.} 53. Kg1 $4 ({Auf} 53. Kg3 {wollte ich mit} Kf1 54.
h4 g6 55. Kf4 ({übersah aber die ewige Opposition} 55. Kf3 $1) 55... Kg2 56.
Kg5 Kg3 {gewinnen}) 53... Kf3 54. Kf1 Kg4 $1 ({Nur ein Patt hätte} 54... g6 55.
Kg1 g5 56. Kf1 g4 57. Kg1 h4 58. Kf1 g3 59. Kg1 g2 60. h3 {ergeben.}) 55. Kg2
h4 56. Kg1 Kh3 57. Kh1 g5 $1 {Wäre Weiss im 56. Zug mit dem König nach h1
gegangen, hätte 57... g6 gewonnen. Würden die schwarzen Bauern auf h6 und g6
stehen - also etwa bei 52... g6 - hätte sich Weiss nach 53. Kg1? Kf3 54. Kf1
Kg4 55. Kg2 h5 das Remisfeld aussuchen können - 56. Kg1!} 58. Kg1 g4 0-1